| 000 | 00918nam a2200217 i 4500 | ||
|---|---|---|---|
| 001 | 165218 | ||
| 003 | ES-MaACL | ||
| 005 | 20230906213105.0 | ||
| 008 | 011126s1889 sp |||| | spa d | ||
| 040 |
_aCCPB | B _bspa _cCCPB | B |
||
| 100 | 1 |
_aSérignan, Arthur de Lort _cComte de. _9133097 |
|
| 245 | 1 | 4 |
_aLas Islas Samoa y el conflicto americano alemán / _cpor Arthur de Lort Conde de Serignan ; versión española del autor. |
| 260 |
_aBarcelona : _bRevista Cientifico-Militar y Biblioteca Militar, _c1889 ( _eParis : _fImp. Noizette) |
||
| 300 |
_a[4], 29 p. ; _c24 cm. |
||
| 490 | 1 | _aPublicaciones de la Revista Científico-Militar | |
| 651 | 4 |
_aSamoa- _xHistoria. _9137354 |
|
| 830 | 0 |
_aPublicaciones de la Revista Científico-Militar _9181177 |
|
| 852 |
_aES-MaACL _jT-505-F-6 _z-- Enc. hol. conservando la cub. original _z-- Enc. en un vol. facticio |
||
| 999 |
_c165218 _d165218 |
||